Responses for show #1238 - Wednesday, January 10, 1990

Frank Spangenberg game 2.

Contestants

Susan Gliner, an attorney originally from the Bronx, New York

Dick Dobrow, a physician from Vancouver, Washington

Frank Spangenberg, a police officer from Flushing, New York (whose 1-day cash winnings total $15,799)

Jeopardy! Round responses

BIOLOGY
HODGEPODGE
COLLEGES & UNIVERSITIES
AMERICAN HISTORY
SCARY MOVIES
"BOO"!
    $100 11
host

Frank
    $100 26
Betsy Ross

Dick
    $100 1
West Point

Dick
    $100 3
South Carolina

Frank
    $100 15
Jason

Frank
    $100 16
booby

Frank
    $200 12
kneecaps

Dick
    $200 25
helium

Frank
    $200 2
freshman year

Triple Stumper
    $200 4
Puerto Rico

Frank
    $200 19
The Shining

Frank
    $200 17
peek-a-boo

Frank
    $300 13
(Susan: What is an annual?)

deciduous

DickSusan
    $300 22
corn

Frank
    $300 8
eruption of Mt. Saint Helens

Dick
    $300 5
(Frank: What is crop dusting?)

flying the mail

Frank
Triple Stumper
    $300 18
boondocks

Susan
    $400 14
red

Susan
    $400 23
Funky Chicken

Frank
    $400 9
University of North Carolina

Dick
    $400 6
Soviet Union

Frank
    $500 20
(Frank: I have no idea.)
[The audio portion heard was, O'Leary was a fighting man,
They all knew he was tough,
He strutted 'round the neighborhood,
A-shootin' off his guff,
He picked a fight with Clancy,
Then and there he sealed his doom,
Before you could shout "O'Leary, look out!"
]

Clancy Lowered the Boom

Frank
    $500 24
(Frank: What is Zurich?)

London

Frank
Triple Stumper
    $500 10
(1 of) Champaign or Urbana

Dick
    $500 7
NRA (National Recovery Administration)

Triple Stumper
    $500 21
(Frank: Who is Boo?)
(Alex: Be more specific. We need the full name.)

Boo Radley

Frank
Triple Stumper

Scores at the first commercial break (after clue 13):

Frank Dick Susan
$500 $1,800 -$300

Scores at the end of the Jeopardy! Round:

Frank Dick Susan
$500 $1,900 $400

Double Jeopardy! Round responses

GENESIS
MUSICIANS
GEOGRAPHY
FICTIONAL SISTERS
FAMOUS AUSSIES
ART
    $200 2
(Susan: What is let there be light?)

In the beginning

DickSusan
    $200 26
Buck

Frank
    $200 7
Wellington

Frank
    $200 1
Scarlett O'Hara

Frank
    $200 12
Bee Gees

Frank
    $200 13
Italy

Frank
    $400 3
sheep

Frank
    $400 27
Marvin Hamlisch

Frank
    $400 8
Mauritius

Dick
    $400 15
Last of the Mohicans

Susan
    $400 20
On the Beach

Dick
    $400 14
(Susan: What is a flag?)
(Alex: Be more specific.)

American flag

Susan
    $600 4
(Susan: What is a dove?)

raven

FrankSusan
    $2,000 28
(George Frideric) Handel

Frank
    $2,000 9
(Dick: What is the English Channel?)

Irish Sea

Dick
    $600 16
(Frank: What is Marsh?)

March

FrankDick
    $600 21
Morris West

Triple Stumper
    $600 17
Vermeer

Frank
    $800 5
(1 of) Joseph or Benjamin

Frank
    $800 29
Scott Joplin

Frank
    $800 10
Charles

Frank
    $800 23
Bianca

Frank
    $800 22
Peter Weir

Susan
    $800 18
Andrew Wyeth

Frank
    $1000 6
Rebekah

Frank
    $1000 30
Lamont Dozier

Triple Stumper
    $1000 11
Liechtenstein

Frank
    $1000 24
Arsenic and Old Lace

Frank
    $1000 25
Robert (Bob) Hawke

Triple Stumper
    $1000 19
(Claude) Monet

Frank

Scores at the end of the Double Jeopardy! Round:

Frank Dick Susan
$12,900 $1,500 $1,200
(lock game)

[wagering suggestions for these scores]

Final Jeopardy! Round responses

PLAYS
SusanWhat is Death of a Salesman
$1,200
DickWhat is "Double Indemnity?"
$901
FrankWhat is Death of a Salesman?
$9,899
Death of a Salesman

Final scores:

Frank Dick Susan
$22,799 $599 $2,400
2-day champion: $38,598 3rd place: Oneida silversmiths gift certificate & Nintendo Entertainment System with Family and Junior editions of Jeopardy! & Wheel of Fortune 2nd place: Tennessee Furniture Industries hand-carved mahogany corner chairs & Casio music system

Game dynamics:

Coryat scores:

Frank Dick Susan
$12,000 $3,500 $1,200
30 R
(including 1 DD),
5 W
(including 1 DD)
11 R,
1 W
(including 1 DD)
5 R,
3 W

Combined Coryat: $16,700

The J! Archive is created by fans, for fans. The Jeopardy! game show and all elements thereof, including but not limited to copyright and trademark thereto, are the property of Jeopardy Productions, Inc. and are protected under law. This website is not affiliated with, sponsored by, or operated by Jeopardy Productions, Inc. Join the discussion at JBoard.tv.